Motivate! : (Record no. 2842)
[ view plain ]
| 000 -LEADER | |
|---|---|
| fixed length control field | 00627nam a22002295i 4500 |
| 001 - CONTROL NUMBER | |
| control field | 016423880 |
| 003 - CONTROL NUMBER IDENTIFIER | |
| control field | Uk |
| 005 - DATE AND TIME OF LATEST TRANSACTION | |
| control field | 20230823150141.0 |
| 008 - FIXED-LENGTH DATA ELEMENTS--GENERAL INFORMATION | |
| fixed length control field | 130604s2013 enk |||| ||eng |
| 016 7# - NATIONAL BIBLIOGRAPHIC AGENCY CONTROL NUMBER | |
| Record control number | 016423880 |
| Source | Uk |
| 020 ## - INTERNATIONAL STANDARD BOOK NUMBER | |
| International Standard Book Number | 9780230453791 paperback |
| 040 ## - CATALOGING SOURCE | |
| Original cataloging agency | Uk |
| Language of cataloging | eng |
| Transcribing agency | Uk |
| Description conventions | rda |
| Modifying agency | KH8 |
| 082 ## - DEWEY DECIMAL CLASSIFICATION NUMBER | |
| Classification number | 400 HEY |
| 100 ## - MAIN ENTRY--PERSONAL NAME | |
| Personal name | Heyderman, Emma, |
| Relator term | author. |
| 245 00 - TITLE STATEMENT | |
| Title | Motivate! : |
| Remainder of title | student's book 1 / |
| Statement of responsibility, etc. | Emma Heyderman. |
| 264 #1 - PRODUCTION, PUBLICATION, DISTRIBUTION, MANUFACTURE, AND COPYRIGHT NOTICE | |
| Name of producer, publisher, distributor, manufacturer | Macmillan, |
| Date of production, publication, distribution, manufacture, or copyright notice | 2013. |
| 300 ## - PHYSICAL DESCRIPTION | |
| Extent | 126 pages : |
| Other physical details | illustrations ; |
| Dimensions | 28 cm. |
| 336 ## - CONTENT TYPE | |
| Content type term | text |
| Source | rdacontent |
| 337 ## - MEDIA TYPE | |
| Media type term | unmediated |
| Source | rdamedia |
| 338 ## - CARRIER TYPE | |
| Carrier type term | volume |
| Source | rdacarrier |
| 942 ## - ADDED ENTRY ELEMENTS (KOHA) | |
| Source of classification or shelving scheme | |
| Koha item type | Teaching Resources |
| Withdrawn status | Lost status | Source of classification or shelving scheme | Damaged status | Not for loan | Collection code | Permanent Location | Current Location | Shelving location | Date acquired | Full call number | Barcode | Date last seen | Price effective from | Koha item type | Total Checkouts | Date due | Date last checked out |
|---|---|---|---|---|---|---|---|---|---|---|---|---|---|---|---|---|---|
| Teaching Resources | KH8 Senior School Library | KH8 Senior School Library | Staff Office | 2023-08-23 | 400 HEY | TRKHSL002296 | 2023-08-23 | 2023-08-23 | Teaching Resources | ||||||||
| Teaching Resources | KH8 Senior School Library | KH8 Senior School Library | Staff Office | 2023-08-23 | 400 HEY | TRKHSL002297 | 2023-08-23 | 2023-08-23 | Teaching Resources | ||||||||
| Teaching Resources | KH8 Senior School Library | KH8 Senior School Library | Staff Office | 2023-08-23 | 400 HEY | TRKHSL002298 | 2023-08-23 | 2023-08-23 | Teaching Resources | ||||||||
| Teaching Resources | KH8 Senior School Library | KH8 Senior School Library | Staff Office | 2023-08-23 | 400 HEY | TRKHSL002299 | 2023-08-23 | 2023-08-23 | Teaching Resources | ||||||||
| Teaching Resources | KH8 Senior School Library | KH8 Senior School Library | Staff Office | 2023-08-23 | 400 HEY | TRKHSL002300 | 2023-08-23 | 2023-08-23 | Teaching Resources | ||||||||
| Teaching Resources | KH8 Senior School Library | KH8 Senior School Library | Staff Office | 2023-08-23 | 400 HEY | TRKHSL002301 | 2023-08-23 | 2023-08-23 | Teaching Resources | ||||||||
| Teaching Resources | KH8 Senior School Library | KH8 Senior School Library | Staff Office | 2024-10-30 | 400 HEY | TRKHSL006067 | 2024-11-07 | 2024-10-30 | Teaching Resources | 1 | 2025-07-04 | 2024-11-07 |